[Event "Titled Tuesday intern op 7th July"]
[Site "Chess.com INT"]
[Date "2020.07.07"]
[Round "3"]
[White "Balakrishnan, Praveen"]
[Black "Harahap, Yoga Pradafa"]
[Result "0-1"]
[WhiteElo "2498"]
[BlackElo "2220"]
[PlyCount "94"]
[EventDate "2020.07.07"]
[EventType "swiss (blitz)"]
[EventRounds "10"]
[EventCountry "USA"]
[SourceTitle "CBM 197 Extra"]
[Source "ChessBase"]
[SourceDate "2020.09.30"]
[SourceVersion "1"]
[SourceVersionDate "2020.09.30"]
[SourceQuality "1"]

1. e4 c5 2. Nf3 Nc6 3. d4 cxd4 4. Nxd4 Nf6 5. Nc3 e5 6. Ndb5 d6 7. Bg5 a6 8. Na3 b5 9. Bxf6 gxf6 10. Nd5 Bg7 11. Bd3 Ne7 12. Nxe7 Qxe7 13. 0-0 0-0 14. c4 f5 15. Qh5 f4 16. cxb5 d5 17. exd5 e4 18. Rae1 f5 19. Bc4 Kh8 20. Re2 Qc5 21. Rc2 Bd7 22. bxa6 Qd6 23. Rfc1 Bxb2 24. Rxb2 Qxa3 25. Rbc2 Rac8 26. Qh6 f3 27. Qe3 Qxe3 28. fxe3 Rg8 29. g3 f4 30. exf4 e3 31. Bd3 Rxc2 32. Rxc2 f2+ 33. Kg2 Re8 34. Bf1 Bf5 35. Rc3 Be4+ 36. Kh3 Bxd5 37. Rc5 e2 38. Bxe2 Rxe2 39. Rc1 Re1 40. Rc8+ Kg7 41. Rc7+ Kh6 42. a7 f1Q+ 43. Kh4 Qg2 44. h3 Re3 45. Kg4 Qxg3+ 46. Kf5 Qxh3+ 47. Kf6 Qe6# 0-1

[Event "Titled Tuesday intern op 16th June"]
[Site "Chess.com INT"]
[Date "2020.06.16"]
[Round "5"]
[White "Abdrlauf, Elham"]
[Black "Harahap, Yoga Pradafa"]
[Result "1-0"]
[WhiteElo "2367"]
[BlackElo "2220"]
[PlyCount "67"]
[EventDate "2020.06.16"]
[EventType "swiss (blitz)"]
[EventRounds "10"]
[EventCountry "USA"]
[SourceTitle "EXT 2021"]
[Source "ChessBase"]
[SourceDate "2020.10.23"]
[SourceVersion "1"]
[SourceVersionDate "2020.10.23"]
[SourceQuality "1"]

1. e4 c5 2. Nf3 Nc6 3. b4 cxb4 4. d4 d6 5. a3 Nf6 6. Bd3 e6 7. 0-0 Be7 8. e5 dxe5 9. dxe5 Ng4 10. Qe2 bxa3 11. Bxa3 0-0 12. Bxe7 Qxe7 13. Nc3 Nh6 14. Qe4 g6 15. Nb5 Kg7 16. Nd6 Nf5 17. Nxf5+ exf5 18. Qf4 Be6 19. h4 h5 20. Rfb1 Rfd8 21. Bc4 b6 22. Bxe6 Qxe6 23. Re1 Rac8 24. Ng5 Qe7 25. e6 f6 26. Nf7 Rh8 27. Rad1 Rcd8 28. Rxd8 Nxd8 29. Nxh8 Kxh8 30. Qb8 Kg7 31. Qc8 Kf8 32. Rd1 Ke8 33. Rd7 Qxe6 34. Rxd8+ 1-0

[Event "Titled Tuesday intern op 21st April"]
[Site "Chess.com INT"]
[Date "2020.04.21"]
[Round "6"]
[White "Harahap, Yoga Pradafa"]
[Black "Doluhanova, Evgeniya"]
[Result "1-0"]
[WhiteElo "2220"]
[BlackElo "2229"]
[PlyCount "59"]
[EventDate "2020.04.21"]
[EventType "swiss (blitz)"]
[EventRounds "10"]
[EventCountry "USA"]
[SourceTitle "EXT 2021"]
[Source "ChessBase"]
[SourceDate "2020.10.23"]
[SourceVersion "1"]
[SourceVersionDate "2020.10.23"]
[SourceQuality "1"]

1. d4 Nf6 2. c4 e6 3. Nf3 b6 4. g3 Bb7 5. Bg2 Be7 6. 0-0 0-0 7. Nc3 Ne4 8. Bd2 d6 9. Rc1 Nd7 10. Nxe4 Bxe4 11. Bc3 Rc8 12. b4 c5 13. dxc5 dxc5 14. b5 Bf6 15. Qd2 Bxc3 16. Qxc3 Nf6 17. Rfd1 Qc7 18. Bh3 Rfd8 19. Qe5 Qxe5 20. Nxe5 Kf8 21. Bg2 Bxg2 22. Kxg2 Ke8 23. f3 Rxd1 24. Rxd1 Rc7 25. Nc6 Nd7 26. a4 a6 27. e4 a5 28. f4 Rb7 29. Rd6 Nb8 30. Rd8# 1-0

[Event "Surabaya Zindgani Cup op"]
[Site "Surabaya"]
[Date "2018.11.10"]
[Round "7"]
[White "Dziththauly, Ramadhan"]
[Black "Harahap, Yoga Pradafa"]
[Result "1-0"]
[WhiteElo "1931"]
[BlackElo "2280"]
[PlyCount "119"]
[EventDate "2018.11.07"]
[EventType "swiss"]
[EventRounds "9"]
[EventCountry "INA"]
[SourceTitle "EXT 2020"]
[Source "ChessBase"]
[SourceDate "2019.10.17"]
[SourceVersion "1"]
[SourceVersionDate "2019.10.17"]
[SourceQuality "1"]

1. d4 g6 2. c4 Bg7 3. Nc3 c5 4. d5 Bxc3+ 5. bxc3 f5 6. g3 Nf6 7. Bg2 Qa5 8. Qb3 d6 9. Nf3 Nbd7 10. 0-0 0-0 11. Bh6 Re8 12. Nd2 Nb6 13. a3 Bd7 14. Rfe1 Qa4 15. Qa2 Rab8 16. Rab1 e5 17. e4 Ng4 18. Be3 Nxe3 19. fxe3 Rf8 20. Rf1 Rf7 21. Rf2 Rbf8 22. Rbf1 Qa5 23. Qb3 Na4 24. exf5 gxf5 25. Nb1 b5 26. cxb5 Qxb5 27. Qc2 Qc4 28. Bh3 e4 29. Rd1 Qa6 30. Bf1 c4 31. Rd4 Bb5 32. Nd2 Nc5 33. Qa2 Qa5 34. Nxc4 Qxc3 35. Nxd6 Bxf1 36. Kxf1 Rf6 37. Rc4 Qxe3 38. Qe2 Qxa3 39. Nxf5 Kh8 40. g4 Qh3+ 41. Kg1 Nd3 42. Rf1 Rg8 43. Rxe4 h5 44. Ng3 Rxf1+ 45. Qxf1 Qxf1+ 46. Kxf1 Rxg4 47. d6 Rxe4 48. Nxe4 Ne5 49. Nc5 a5 50. d7 Nc6 51. Ke2 Nd8 52. Kd3 Kg7 53. Kc4 Kf6 54. Kb5 Kf5 55. Kxa5 Kg4 56. Kb6 Kh3 57. Ne4 Kxh2 58. Ng5 h4 59. Kc7 h3 60. Kxd8 1-0

[Event "Surabaya Zindgani Cup op"]
[Site "Surabaya"]
[Date "2018.11.08"]
[Round "2"]
[White "Harahap, Yoga Pradafa"]
[Black "Homaidi"]
[Result "1-0"]
[WhiteElo "2280"]
[BlackElo "1837"]
[PlyCount "45"]
[EventDate "2018.11.07"]
[EventType "swiss"]
[EventRounds "9"]
[EventCountry "INA"]
[SourceTitle "EXT 2020"]
[Source "ChessBase"]
[SourceDate "2019.10.17"]
[SourceVersion "1"]
[SourceVersionDate "2019.10.17"]
[SourceQuality "1"]

1. d4 Nf6 2. Nf3 b5 3. e4 Nxe4 4. Bxb5 Bb7 5. 0-0 e6 6. Re1 Be7 7. Qd3 f5 8. c4 0-0 9. Nc3 d5 10. c5 c6 11. Ba4 Nd7 12. b4 Bf6 13. Bb2 Qc7 14. Ne2 Rae8 15. Ne5 Nxe5 16. dxe5 Bxe5 17. Bxe5 Qxe5 18. f3 Ng5 19. f4 Qe4 20. Qd2 Rf6 21. fxg5 Rf7 22. Nf4 Qc4 23. Bb3 1-0

[Event "Yogyakarta Istimewa op"]
[Site "Yogyakarta"]
[Date "2016.08.21"]
[Round "7"]
[White "Taher, Yoseph Theolifus"]
[Black "Harahap, Yoga Pradafa"]
[Result "1-0"]
[WhiteElo "2295"]
[BlackElo "2312"]
[PlyCount "63"]
[EventDate "2016.08.18"]
[EventType "swiss"]
[EventRounds "9"]
[EventCountry "INA"]
[SourceTitle "EXT 2018"]
[Source "ChessBase"]
[SourceDate "2017.10.13"]
[SourceVersion "1"]
[SourceVersionDate "2017.10.13"]
[SourceQuality "1"]

1. e4 c5 2. Nf3 g6 3. d4 Bg7 4. d5 b5 5. c4 bxc4 6. Qc2 Nf6 7. Bxc4 d6 8. 0-0 0-0 9. Re1 Nbd7 10. Bf1 Rb8 11. h3 Nb6 12. Nc3 Ne8 13. Bf4 Nc7 14. Rad1 Ba6 15. Bxa6 Nxa6 16. e5 Nb4 17. Qe2 c4 18. Bg5 f6 19. exf6 exf6 20. Be3 Nd3 21. Rf1 f5 22. Nd4 f4 23. Ne6 Qh4 24. Bxb6 axb6 25. Nxf8 Rxf8 26. Qe6+ Kh8 27. Ne4 Bxb2 28. Qxd6 Qd8 29. Qc6 f3 30. g3 Qc8 31. Qxc8 Rxc8 32. Nd6 1-0